| 000 | 00668nam a2200217 4500 | ||
|---|---|---|---|
| 003 | OSt | ||
| 005 | 20240704065310.0 | ||
| 006 | a | ||
| 008 | 240704b |||||||| |||| 00| 0 eng d | ||
| 020 | _a9780495381648 | ||
| 040 |
_aDWCL-Main lib. _cOC |
||
| 082 | _aCirc. 158.39 Iv95e 2008 | ||
| 100 | _aIvey, Allen E. | ||
| 245 | _aEssentials of intentional interviewing : counseling in a multinational world / | ||
| 260 |
_aUSA: _bThomson Higher Education, _cc2008. |
||
| 300 |
_axvii, _b325 p. : ill.; _c23 cm. |
||
| 504 | _aincludes bibliographical references & index | ||
| 650 | _a1. Interviewing. | ||
| 650 | _a2. Counseling. | ||
| 942 |
_2ddc _n0 _cBK-CIRC _kCirc. |
||
| 999 |
_c1956 _d1956 |
||